00417pab a2200145 454500008004000000100001500040245007100055260000900126300001500135362001100150650003500161650002700196650001800223773003000241180718b2002 xxu||||| |||| 00| 0 eng d aClift, Ben aSocial democracy and globalization: the cases of France and the UK c2002 ap.466-500. aAutumn aGlobalization - United Kingdom aGlobalization - France aGlobalization aGovernment and Opposition